00911cam a2200265 a 450000100060000000300080000600500170001400800410003102000150007203500200008704000350010704100130014208200260015510000200018124501190020126000310032030000270035150000950037850000690047365000190054265000210056165000210058270000200060370000220062330653BD-RJUL20211209051609.0160723r20051993enk 000 0 eng d a0826477127 a(BD-RjUL) 30740 aBD-RjULbengcBD-RjULdBD-RjUL1 aenghfre a170.082bIRE 20052231 aIrigaray, Luce.13aAn ethics of sexual difference /cLuce Irigaray ; translated from the French by Carolyn Burke and Gillian C. Gill. aLondon :bContinuum,c2005 aviii, 179 p. ;c20 cm. aTranslation of: Éthique de la différence sexuelle. Paris : Éditions de Minuit, 1984. aFirst published in Great Britain : London : Athlone Press, 1993. 0aSexual ethics. 0aSex differences. 0aSexxPhilosophy. aBurke, Carolyn  aGill, Gillian C.